000 00469cam a22001217a 4500
008 180718b-- xxu||||| |||| 00| 0 eng d
082 _aL906x54121 E
245 _aEpitome of CAG reports, Manipur
_cby Comptroller and Auditor General of India, Manipur
260 _aImphal
_bComptroller and Auditor General of India
_c--
500 _aLibrary has 2001/02, 2003/04-2007/08
650 _aAuditing - India - Manipur
700 _aManipur. Comptroller and Auditor General of India
999 _c491891
_d491891